000 00561nam a2200193 a 4500
001 000019363
005 20200929170008.0
008 100626s1991 flua r 000 p spa d
020 _a0917049608
040 _aDO-SdBNP
_bspa
_cBNPHU
082 _a861.44
_bG216p
100 1 _aGarcía Vega, Lorenzo,
_d1926-
_941605
245 1 0 _aPoemas para penúltima vez /
_cLorenzo García Vega.
260 _aMiami :
_bSaeta Ediciones,
_c1991.
300 _a325 p. :
_bil. ;
_c23 cm.
650 4 _aPoesía cubana
_95226
650 4 _aLiteratura cubana
_91483
049 _aBNGR
999 _c18880
_d18880